Statistiques concernant Deviner le joueur

Cliquez ici pour prendre le quiz!

Statistiques générales

  • Ce quiz a été pris 829 fois
  • Le résultat moyen est 10 sur 20

Statistiques - réponses

ClubsJoueur% Correct
Santos, FC Barcelone, Paris Saint-GermainNeymar
79%
Genk, Chelsea, Werder Brême, Wolfsburg, Manchester CityDe Bruyne
65%
Southampton, Tottenham Hotspur, Real MadridBale
62%
Nacional, FC Groningue, Ajax Amsterdam, Liverpool, FC BarceloneSuarez
61%
Paris SG, Juventus, Bayern MunichComan
57%
AC Milan, Dijon, LOSC Lille, AS Monaco, AS Saint-Étienne, Borussia Dortmund, ArsenalAubameyang
55%
Rosario Central, Benfica, Real Madrid, Manchester United, Paris SGDi Maria
55%
Rio Ave, Real Madrid, AS Monaco, LiverpoolFabinho
55%
Schalke 04, Wolfsburg, Paris SGDraxler
54%
Grenoble, Istres, Tours, Montpellier, Arsenal, ChelseaGiroud
52%
Angers, Orléans, Lille LOSC, ArsenalPépé
51%
Grêmio, Paris SG, FC Barcelone, AC Milan, Flamengo, Atlético Mineiro, Querétaro, FluminenseRonaldinho
49%
River Plate, Porto, Atlético de Madrid, AS Monaco, Manchester United, Chelsea, GalatasarayFalcao
48%
Inter Milan, Vasco da Gama, Espanyol de Barcelone, Liverpool , FC Barcelone, Bayern MunichCoutinho
44%
Independiente, Atlético de Madrid, Manchester CityAgüero
38%
Benfica, Valence, Inter Milan, Juventus, Manchester CityCancelo
36%
Grenoble, SC Bastia, Newcastle United, Olympique de MarseilleThauvin
33%
Real Madrid, Getafe, Séville, Paris SGSarabia
29%
VfB Stuttgart, Real Madrid, JuventusKhedira
23%
Real Madrid Castilla, Espanyol de Barcelone, Real Madrid, NaplesCallejón
17%

Distribution des résultats

Percentile par nombre de réponses

% des personnes avec chaque résultat

Votre développement - résultats

Vous n’avez pas pris ce quiz